| 000 | 00696cam a2200265Ia 4500 | ||
|---|---|---|---|
| 999 |
_c5896 _d5896 |
||
| 001 | 18140 | ||
| 003 | GBCCL | ||
| 005 | 20241126110552.0 | ||
| 008 | 800509s1976 cau 000 0beng d | ||
| 020 | _a0551007764 | ||
| 035 | _a(OCoLC)06300495 | ||
| 040 |
_aICW _cICW _dMSV _dLBB |
||
| 049 | _aLBBK | ||
| 082 |
_a266 _bPET |
||
| 090 |
_aBV3145.A42 _bP47 |
||
| 092 | 0 |
_a266.00949 _bP485, 1976 _220 |
|
| 100 | 1 |
_aPeterson, Reona _910664 |
|
| 245 | 1 | 0 |
_aTomorrow you die / _cReona Peterson |
| 260 |
_aLondon: _bLakeland, _c1977 |
||
| 300 |
_a132 p. ; _c18 cm. |
||
| 600 | 1 | 0 |
_aPeterson, Reona. _910664 |
| 600 | 1 | 0 |
_aMuggleton, Evelyn. _910665 |
| 650 | 0 |
_aMissions _zAlbania _910666 |
|
| 942 |
_2ddc _cBK |
||